Nommez les 20 plus grands derbys de football - mondial - Statistiques

Statistiques générales
  • Ce quiz a été pris 233 fois
  • Le résultat moyen est 3 sur 20
Statistiques - réponses
Hint Réponse % Correct
Manchester City - Manchester United
40%
Inter - Milan
35%
Arsenal - Tottenham
33%
Atlético Madrid - Real Madrid
25%
Premier derby Barcelona - Real Madrid
24%
Celtic - Rangers
22%
Boca Juniors - River Plate
21%
Everton - Liverpool
19%
Marseille - PSG
10%
Benfica - Porto
9%
Lazio - Roma
9%
Fenerbahçe - Galatasaray
8%
Manchester United - Liverpool
7%
Ajax - Feyenoord
4%
Étoile Rouge - Partizan
4%
Olympiakos - Panathinaikos
4%
Bayern München - Borussia Dortmund
1%
Corinthians - Palmeiras
1%
Anderlecht - Standard
0%
Millwall - West Ham United
0%
Aucun quiz correspondant
Distribution des résultats
% des personnes avec chaque résultat
Percentile par nombre de réponses
Votre historique - résultats
Vous n’avez pas pris ce quiz